Hail, Caesar! /
An all-star comedy set during the latter years of Hollywood's Golden Age. It follows a single day in the life of a studio fixer who is presented with plenty of problems to fix.
| Other Authors: | , , , , , , , , , , |
|---|---|
| Format: | Video Blu-ray Disc |
| Language: | English French Spanish |
| Language Notes: | English, dubbed Spanish or dubbed French dialogue with optional Spanish or French subtitles, English subtitles for the deaf and hard of hearing (SDH) and English description audio track for people with visual disabilities. |
| Published: |
Universal City, CA :
Universal Pictures Home Entertainment,
[2016]
|
| Subjects: |
MARC
| Tag | First Indicator | Second Indicator | Subfields |
|---|---|---|---|
| LEADER | 00000cgm a2200000Ii 4500 | ||
| 001 | in00003729113 | ||
| 005 | 20170926144554.0 | ||
| 007 | vd csaizq | ||
| 008 | 160527s2016 cau106 vleng d | ||
| 028 | 4 | 2 | |a 579137 |b Universal Studios |
| 035 | |a (OCoLC)ocn950741311 | ||
| 035 | |a (OCoLC)950741311 | ||
| 037 | |b Midwest Tape |n http://www.midwesttapes.com | ||
| 040 | |a TEFMT |b eng |e rda |c TEFMT |d TEF |d OCLCO |d BDX |d ZAC |d OCLCO |d OCLCF |d OCLCO |d OCL |d OCLCO |d TXA |d UtOrBLW | ||
| 041 | 1 | |a eng |a fre |a spa |j eng |j fre |j spa |h eng | |
| 043 | |a n-us-ca | ||
| 049 | |a TXAM | ||
| 050 | 4 | |a PN1997.2 |b .H35 2016 | |
| 082 | 0 | 4 | |a 791.43/72 |2 23 |
| 090 | |a PN1995.9.C55 |b H32 2016b | ||
| 245 | 0 | 0 | |a Hail, Caesar! / |c Universal Pictures presents ; a Working Title production ; produced by Tim Bevan, Eric Fellner ; written, produced and directed by Joel Coen & Ethan Coen. |
| 264 | 1 | |a Universal City, CA : |b Universal Pictures Home Entertainment, |c [2016] | |
| 300 | |a 1 videodisc (106 min.) : |b sound, color ; |c 4 3/4 in. | ||
| 336 | |a two-dimensional moving image |b tdi |2 rdacontent | ||
| 337 | |a video |b v |2 rdamedia | ||
| 338 | |a videodisc |b vd |2 rdacarrier | ||
| 344 | |a digital |b optical |g surround |h DTS-HD master audio |h DTS digital surround |h DVS 2.0 |2 rda | ||
| 347 | |a video file |b Blu-Ray |2 rda | ||
| 380 | |a Motion picture | ||
| 538 | |a Blu-ray; requires Blu-ray player. | ||
| 546 | |a English, dubbed Spanish or dubbed French dialogue with optional Spanish or French subtitles, English subtitles for the deaf and hard of hearing (SDH) and English description audio track for people with visual disabilities. | ||
| 511 | 1 | |a Josh Brolin, George Clooney, Alden Ehrenreich, Ralph Fiennes, Scarlett Johansson, Tilda Swinton, Frances McDormand, Channing Tatum, Jonah Hill, Veronica Osorio. | |
| 508 | |a Music, Carter Burwell ; editor, Roderick Jaynes ; director of photography, Roger Deakins. | ||
| 500 | |a 1080p high-definition wide screen (1.85:1). | ||
| 500 | |a Originally released as a motion picture in 2016. | ||
| 521 | 8 | |a MPAA rating: PG-13; for some suggestive content and smoking. | |
| 520 | |a An all-star comedy set during the latter years of Hollywood's Golden Age. It follows a single day in the life of a studio fixer who is presented with plenty of problems to fix. | ||
| 500 | |a Bonus features: Directing Hollywood; An era of glamour; The stars align; Magic of a bygone era. | ||
| 650 | 0 | |a Actors |z California |z Los Angeles |v Drama. | |
| 650 | 0 | |a Actresses |z California |z Los Angeles |v Drama. | |
| 650 | 0 | |a Motion pictures |x Production and direction |z California |z Los Angeles |v Drama. | |
| 650 | 0 | |a Motion picture studios |z California |z Los Angeles |v Drama. | |
| 650 | 0 | |a Motion pictures |v Drama. | |
| 650 | 0 | |a Public relations |v Drama. | |
| 651 | 0 | |a ollywood (Los Angeles, Calif.) |v Drama. | |
| 650 | 7 | |a Actors. |2 fast |0 (OCoLC)fst00796296 | |
| 650 | 7 | |a Actresses. |2 fast |0 (OCoLC)fst00796328 | |
| 650 | 7 | |a Motion picture studios. |2 fast |0 (OCoLC)fst01027256 | |
| 650 | 7 | |a Motion pictures. |2 fast |0 (OCoLC)fst01027285 | |
| 650 | 7 | |a Motion pictures |x Production and direction. |2 fast |0 (OCoLC)fst01027357 | |
| 650 | 7 | |a Public relations. |2 fast |0 (OCoLC)fst01082892 | |
| 651 | 7 | |a California |z Los Angeles |z Hollywood. |2 fast |0 (OCoLC)fst01312041 | |
| 651 | 7 | |a California |z Los Angeles. |2 fast |0 (OCoLC)fst01204540 | |
| 655 | 7 | |a Detective and mystery films. |2 lcgft |0 http://id.loc.gov/authorities/genreForms/gf2011026195 | |
| 655 | 7 | |a Feature films. |2 lcgft |0 http://id.loc.gov/authorities/genreForms/gf2011026247 | |
| 655 | 7 | |a Comedy films. |2 lcgft |0 http://id.loc.gov/authorities/genreForms/gf2011026147 | |
| 655 | 7 | |a Fiction films. |2 lcgft |0 http://id.loc.gov/authorities/genreForms/gf2011026250 | |
| 655 | 7 | |a Video recordings for the hearing impaired. |2 lcgft |0 http://id.loc.gov/authorities/genreForms/gf2011026725 | |
| 655 | 7 | |a Video recordings for people with visual disabilities. |2 lcgft |0 http://id.loc.gov/authorities/genreForms/gf2011026724 | |
| 655 | 7 | |a Comedy films. |2 fast |0 (OCoLC)fst01710291 | |
| 655 | 7 | |a Drama. |2 fast |0 (OCoLC)fst01423879 | |
| 655 | 7 | |a Feature films. |2 fast |0 (OCoLC)fst01710384 | |
| 655 | 7 | |a Fiction films. |2 fast |0 (OCoLC)fst01710264 | |
| 655 | 7 | |a Video recordings for people with visual disabilities. |2 fast |0 (OCoLC)fst01710451 | |
| 655 | 7 | |a Video recordings for the hearing impaired. |2 fast |0 (OCoLC)fst01710450 | |
| 700 | 1 | |a Bevan, Tim, |e film producer. |0 http://id.loc.gov/authorities/names/no98069221 | |
| 700 | 1 | |a Fellner, Eric, |e film producer. |0 http://id.loc.gov/authorities/names/no00015907 | |
| 700 | 1 | |a Coen, Joel, |e screenwriter, |e film producer, |e film director. |0 http://id.loc.gov/authorities/names/n87871864 | |
| 700 | 1 | |a Coen, Ethan, |e screenwriter, |e film producer, |e film director. |0 http://id.loc.gov/authorities/names/n87871865 | |
| 700 | 1 | |a Brolin, Josh, |e actor. |0 http://id.loc.gov/authorities/names/n85151565 | |
| 700 | 1 | |a Clooney, George, |e actor. |0 http://id.loc.gov/authorities/names/no96040669 | |
| 700 | 1 | |a Ehrenreich, Alden, |d 1989- |e actor. |0 http://id.loc.gov/authorities/names/no2010076555 | |
| 700 | 1 | |a Fiennes, Ralph, |e actor. |0 http://id.loc.gov/authorities/names/no94029452 | |
| 700 | 1 | |a Johansson, Scarlett, |d 1984- |e actor. |0 http://id.loc.gov/authorities/names/no00017364 | |
| 700 | 1 | |a Swinton, Tilda, |e actor. |0 http://id.loc.gov/authorities/names/no94027098 | |
| 700 | 1 | |a McDormand, Frances, |e actor. |0 http://id.loc.gov/authorities/names/no96038402 | |
| 700 | 1 | |a Tatum, Channing, |e actor. |0 http://id.loc.gov/authorities/names/no2005087880 | |
| 700 | 1 | |a Hill, Jonah, |e actor. |0 http://id.loc.gov/authorities/names/n2009161461 | |
| 710 | 2 | |a Universal Pictures (Firm), |e production company. |0 http://id.loc.gov/authorities/names/n83146749 | |
| 710 | 2 | |a Working Title Films, |e production company. |0 http://id.loc.gov/authorities/names/no97049539 | |
| 710 | 2 | |a Universal Studios Home Entertainment (Firm), |e film distributor. |0 http://id.loc.gov/authorities/names/no2006015955 | |
| 730 | 0 | 2 | |i Container of (work): |a Hail, Caesar! (Motion picture : 2016) |0 http://id.loc.gov/authorities/names/no2016044305 |
| 730 | 0 | 2 | |i Container of (expression): |a Hail, Caesar! (Motion picture : 2016). |l French. |
| 730 | 0 | 2 | |i Container of (expression): |a Hail, Caesar! (Motion picture : 2016). |l Spanish. |
| 938 | |a Brodart |b BROD |n 114881537 | ||
| 994 | |a C0 |b TXA | ||
| 948 | |a cataloged |b h |c 2016/9/9 |d c |e blrosas |f 12:32:13 pm | ||
| 999 | f | f | |s abbf292f-fa55-38c4-a6fa-4dc55dd0e230 |i 8ff8784d-712b-3c7f-a484-917680bfd547 |t 0 |
| 952 | f | f | |p bluray |a Texas A&M University |b College Station |c Sterling C. Evans Library |d Evans: Media and Reserves (Annex 1st floor) |t 0 |e PN1995.9.C55 H32 2016b |h Library of Congress classification |i video -- videodisc |m A14843653016 |
| 998 | f | f | |a PN1995.9.C55 H32 2016b |t 0 |l Evans: Media and Reserves (Annex 1st floor) |